| 000 | 01534cam a2200325 a 4500 | ||
|---|---|---|---|
| 001 | 14844286 | ||
| 005 | 20080305093831.0 | ||
| 008 | 070509s2008 pau | f 001 0 eng | ||
| 010 | _a 2007274255 | ||
| 020 | _a9780781767491 | ||
| 020 | _a0781767490 | ||
| 040 |
_aDLC _cDLC _dDLC |
||
| 050 | 0 | 0 |
_aRT41 _b.J56 2008 |
| 082 | 0 | 0 |
_222 _a617.0231 _bJOH |
| 100 | 1 |
_aJohnson, Joyce Young. _913480 |
|
| 245 | 1 | 0 |
_aHandbook for Brunner & Suddarth's Textbook of Medical-Surgical Nursing / _cJoyce Young Johnson. |
| 246 | 3 | 0 | _aTextbook of medical-surgical nursing |
| 246 | 3 | _aHandbook for Brunner and Suddarth's textbook of medical-surgical nursing | |
| 250 | _a11th ed. | ||
| 260 |
_aPhiladelphia : _bLippincott Williams & Wilkins, 2008 _cc2008. |
||
| 300 |
_axv, 895 p. ; _c18 cm. |
||
| 504 | _aIncludes bibliographical references and index. | ||
| 650 | 0 |
_aNursing _vHandbooks, manuals, etc. _913481 |
|
| 650 | 0 |
_aSurgical nursing _vHandbooks, manuals, etc. _913482 |
|
| 856 | 4 | 2 |
_3Publisher description _uhttp://www.loc.gov/catdir/enhancements/fy0727/2007274255-d.html |
| 856 | 4 | 1 |
_3Table of contents only _uhttp://www.loc.gov/catdir/enhancements/fy0811/2007274255-t.html |
| 942 |
_2ddc _cNRB |
||
| 999 |
_c13880 _d13880 |
||